[Event "CAN-ch U10 Girls"]
[Site "Quebec"]
[Date "2008.07.14"]
[Round "2"]
[White "Peng, Jackie"]
[Black "Cheng, Megan"]
[Result "1-0"]
[WhiteElo "1210"]
[BlackElo "1049"]
[PlyCount "57"]
[EventDate "2008.07.14"]
[EventType "swiss"]
[EventRounds "7"]
[EventCountry "CAN"]
[SourceTitle "EXT 2011"]
[Source "ChessBase"]
[SourceDate "2010.11.26"]
[SourceVersion "1"]
[SourceVersionDate "2010.11.26"]
[SourceQuality "1"]

1. e4 e5 2. Nf3 Nc6 3. d4 exd4 4. Nxd4 Nxd4 5. Qxd4 Nf6 6. Nc3 Be7 7. Bc4 0-0 8. 0-0 d6 9. Bf4 Bg4 10. h3 Bh5 11. Rfe1 Re8 12. Qe3 Qd7 13. Qg3 Bg6 14. Rad1 Rad8 15. e5 Nh5 16. Qf3 Nxf4 17. Qxf4 Bxc2 18. Rd2 Bg6 19. e6 Qc8 20. exf7+ Bxf7 21. Bxf7+ Kh8 22. Bxe8 Rxe8 23. Rde2 Qd8 24. Nd5 Rf8 25. Qa4 Bg5 26. Re8 Qf6 27. Rxf8+ Qxf8 28. Re8 Qxe8 29. Qxe8# 1-0